000 00695nam a2200265Ia 4500
005 20260302115039.0
008 008 260114s9999 xx 000 0 eng d
020 _a9781501304583
037 _aTextbook
040 _aCRL
040 _beng
040 _cCRL
041 _2eng
041 _aeng
084 _qCRL
100 _aBrett Ashley Kaplan
_91119550
245 0 _aJewish Anxiety and the Novels of Philip Roth
260 _bBloomsbury
260 _bBloomsbury Academic
260 _c2015
650 _aLiterary Studies
856 _uhttps://dx.doi.org/10.5040/9781501304583?locatt=label:secondary_bloomsburyCollections
942 _cEBOOK
999 _c1684762
_d1684762